| 000 | 01036cam a22003257a 4500 | ||
|---|---|---|---|
| 999 |
_c126992 _d126992 |
||
| 001 | 17339332 | ||
| 003 | ARRUPE | ||
| 005 | 20170929092939.0 | ||
| 008 | 120515s2012 po 000 0 por | ||
| 010 | _a 2012463480 | ||
| 020 | _a9789722125673 | ||
| 035 | _a(PT-LiPL)pu120530232 | ||
| 040 |
_aDLC _cDLC _dDLC |
||
| 042 | _apcc | ||
| 050 | 0 | 0 | _aMLCS 2012/43905 (PQ) |
| 100 | 1 |
_aCouto, Mia _d1955- _912281 |
|
| 245 | 1 | 2 |
_aA confissão da leoa / _cMia Couto. |
| 250 | _a2nd. ed. | ||
| 260 |
_aMaputo : _bNdajira, _cc2012. |
||
| 300 |
_a270 p. ; _c21 cm. |
||
| 500 | _aNovel. | ||
| 500 | _aAuthor is from Mozambique. | ||
| 906 |
_a7 _bcbc _corigres _d4 _encip _f20 _gy-gencatlg |
||
| 942 |
_2lcc _cMONOGRAPH |
||